LEADER 00640nam a2200169 i 4500 001 000000253757 003 CaOOAMICUS 005 20170412000000.0 008 170412s1830 it u000 u ita u 013 $a232662 040 $aSeMil$bita 245 10$aTom. 4. 300 $a178, [4], 213, [1] p. 773 0 $aDavila, Enrico Caterino <1576-1631>$tDell'istoria delle guerre civili di Francia di Enrico Caterino Davila. Tom. 1. [-5.].$dTorino : Presso Giuseppe Pomba, 1830.$g4$w()4329 850 $aSeMil 852 $aSeMil$W1$xVenegono$y1$m3T I 102 FA$j204103$B204103$CSeMilBibl$Z2$F217524 $8I 996 $6245$aTom. 4$9(OLS)http://semarc/title/136895 LEADER 01024nam a2200205 i 4500 001 000000225969 003 CaOOAMICUS 005 20140102000000.0 008 140102s1934 it u000 u lat u 013 $a204871 040 $aSeMil$bita 100 1 $aVillanova Gerster, Thomas,$c.$0(OLS)http://semarc/name/21505 245 10$aIesus in ore prophetarum :$btractatus de Vaticiniis Messianicis iuxta S. Bonaventurae doctrinam /$cexaratus a P. Thoma Villanova Gerster a Zeil. 260 $aTaurini :$bMarietti a. 1820 condita,$c1934. 300 $a230 p. ;$c21 cm. 650 4$aBonaventura : da Bagnorea - Cristologia.$0(OLS)http://semarc/subject/12822 850 $aSeMil 852 $aSeMil$W1$xVenegono$y1$m2W III 134$j176315$B176315$CSeMilBibl$Z2$F186864 $81 996 $6245$aIesus in ore prophetarum :$btractatus de Vaticiniis Messianicis iuxta S. Bonaventurae doctrinam$9(OLS)http://semarc/title/323633 996 $6260$aTaurini :$bMarietti a. 1820 condita$9(OLS)http://semarc/publisher/35841